[Event "SVK-chT2D 1718"]
[Site "Slovakia"]
[Date "2018.02.04"]
[Round "7.3"]
[White "Zdibak, Zoltan"]
[Black "Presalovic, Marcel"]
[Result "1/2-1/2"]
[WhiteElo "2020"]
[BlackElo "2102"]
[PlyCount "125"]
[EventDate "2017.10.28"]
[EventType "team-tourn"]
[EventRounds "11"]
[EventCountry "SVK"]
[SourceTitle "EXT 2019"]
[Source "ChessBase"]
[SourceDate "2018.10.10"]
[SourceVersion "1"]
[SourceVersionDate "2018.10.10"]
[SourceQuality "1"]
[WhiteTeam "Velke Kapusany"]
[BlackTeam "Presov Slavia"]
[WhiteTeamCountry "SVK"]
[BlackTeamCountry "SVK"]

1. c4 Nf6 2. d4 c5 3. d5 b5 4. cxb5 a6 5. b6 Qxb6 6. Nc3 g6 7. e4 d6 8. f4 Nfd7 9. Nf3 Bg7 10. Qc2 0-0 11. Be3 Nf6 12. Be2 Nbd7 13. Nd2 Re8 14. g4 Nf8 15. h3 Rb8 16. 0-0-0 N6d7 17. Nc4 Qc7 18. Na4 a5 19. Bd2 Ra8 20. Bc3 Bxc3 21. Qxc3 Ba6 22. g5 Bxc4 23. Bxc4 Nb6 24. Nxb6 Qxb6 25. h4 Qb4 26. Rd3 Qxc3+ 27. Rxc3 Reb8 28. h5 Rb4 29. f5 f6 30. hxg6 hxg6 31. b3 a4 32. Kb2 axb3 33. axb3 Rb7 34. Rg3 Rba7 35. Kc3 Ra1 36. Rhg1 Rxg1 37. Rxg1 Kg7 38. fxg6 Nxg6 39. Be2 Nf4 40. gxf6+ Kxf6 41. Rf1 Ke5 42. Bf3 Rg8 43. Kc4 Rg3 44. Rf2 Nh3 45. Rf1 Rg1 46. Rxg1 Nxg1 47. Bg2 Ne2 48. Bf3 Nf4 49. Kc3 Nh3 50. b4 cxb4+ 51. Kxb4 Ng5 52. Bg2 Nxe4 53. Kc4 Nc5 54. Bf3 Ne4 55. Bg2 Nf6 56. Bh1 Ng4 57. Kb5 Ne3 58. Kc6 Nxd5 59. Bxd5 e6 60. Bb3 d5 61. Kc5 Ke4 62. Bc2+ Ke3 63. Kd6 1/2-1/2

[Event "SVK-chT2D 1617"]
[Site "Slovakia"]
[Date "2017.02.11"]
[Round "8.4"]
[White "Sabol, Peter"]
[Black "Zdibak, Zoltan"]
[Result "1/2-1/2"]
[WhiteElo "1806"]
[BlackElo "2018"]
[PlyCount "33"]
[EventDate "2016.10.08"]
[EventType "team-tourn"]
[EventRounds "11"]
[EventCountry "SVK"]
[SourceTitle "EXT 2018"]
[Source "ChessBase"]
[SourceDate "2017.10.13"]
[SourceVersion "1"]
[SourceVersionDate "2017.10.13"]
[SourceQuality "1"]
[WhiteTeam "Margecany II"]
[BlackTeam "Velke Kapusany"]
[WhiteTeamCountry "SVK"]
[BlackTeamCountry "SVK"]

1. e4 d6 2. d4 Nf6 3. Nc3 g6 4. f4 Bg7 5. Nf3 a6 6. Bd3 b5 7. a3 0-0 8. 0-0 c5 9. dxc5 dxc5 10. e5 Nfd7 11. Be4 Ra7 12. Be3 e6 13. Qd6 Qc7 14. Rfd1 Re8 15. Qd2 Nb6 16. Qf2 N8d7 17. b3 1/2-1/2

[Event "SVK-chT2D 14/15"]
[Site "Slovakia"]
[Date "2014.10.11"]
[Round "1.5"]
[White "Zdibak, Zoltan"]
[Black "Ducay, Miroslav"]
[Result "1-0"]
[WhiteElo "1962"]
[BlackElo "1961"]
[PlyCount "109"]
[EventDate "2014.10.11"]
[EventType "team-tourn"]
[EventRounds "11"]
[EventCountry "SVK"]
[SourceTitle "EXT 2019"]
[Source "ChessBase"]
[SourceDate "2018.10.10"]
[SourceVersion "1"]
[SourceVersionDate "2018.10.10"]
[SourceQuality "1"]
[WhiteTeam "Velke Kapusany Energetik"]
[BlackTeam "Presov Tatran Dason"]
[WhiteTeamCountry "SVK"]
[BlackTeamCountry "SVK"]

1. Nf3 d5 2. d3 Bg4 3. h3 Bh5 4. g4 Bg6 5. Bf4 e6 6. Bg2 Bd6 7. Qd2 Nc6 8. Bxd6 Qxd6 9. Nc3 a6 10. 0-0-0 0-0-0 11. Nh4 Nge7 12. f4 f6 13. Rhf1 d4 14. Ne4 Bxe4 15. Bxe4 Nd5 16. Bxd5 Qxd5 17. c4 Qd6 18. Nf3 Rhe8 19. g5 Ne7 20. gxf6 gxf6 21. Nh4 Qc5 22. b4 Qh5 23. Qe1 Nf5 24. Nxf5 Qxf5 25. Qh4 Rg8 26. Rg1 Rg6 27. Rxg6 Qxg6 28. Qf2 Qe8 29. Rd2 Qa4 30. Rb2 Qd7 31. b5 a5 32. b6 c6 33. Qe1 Qd6 34. Qxa5 Qxf4+ 35. Kc2 Rg8 36. Qh5 Qe3 37. Qxh7 Qg3 38. Qf7 Kb8 39. Qxe6 Rf8 40. Rb1 Qe5 41. Qxe5+ fxe5 42. Rh1 Kc8 43. Rh2 Kd7 44. Kb3 Kd6 45. h4 Kc5 46. h5 Kxb6 47. h6 Kc7 48. h7 Rh8 49. Kb4 b6 50. Rh6 Kd7 51. a4 Kc7 52. c5 bxc5+ 53. Kxc5 Kb7 54. a5 Ka7 55. Kxc6 1-0

[Event "SVK-ch U18"]
[Site "Stara Lubovna"]
[Date "2014.04.10"]
[Round "7"]
[White "Zdibak, Zoltan"]
[Black "Tropp, Oliver"]
[Result "1-0"]
[WhiteElo "1879"]
[BlackElo "2032"]
[PlyCount "57"]
[EventDate "2014.04.05"]
[EventType "swiss"]
[EventRounds "9"]
[EventCountry "SVK"]
[SourceTitle "EXT 2016"]
[Source "ChessBase"]
[SourceDate "2015.10.08"]
[SourceVersion "1"]
[SourceVersionDate "2015.10.08"]
[SourceQuality "1"]

1. c4 c5 2. Nc3 Nf6 3. g3 d5 4. cxd5 Nxd5 5. Bg2 Nc7 6. d3 Nc6 7. Be3 e5 8. Bxc6+ bxc6 9. Nf3 f6 10. 0-0 Nd5 11. Kg2 Be7 12. Qc1 0-0 13. Na4 Qa5 14. b3 Nxe3+ 15. Qxe3 c4 16. dxc4 Ba3 17. Ne1 f5 18. Nd3 e4 19. Nf4 Qe5 20. h4 Be7 21. Rad1 g5 22. hxg5 Bxg5 23. Rh1 Be6 24. Nc5 Bxf4 25. gxf4 Qg7+ 26. Qg3 Bf7 27. Rd7 Qxg3+ 28. fxg3 Rfd8 29. Rhd1 1-0

[Event "SVK-ch U18"]
[Site "Stara Lubovna"]
[Date "2014.04.07"]
[Round "4"]
[White "Zdibak, Zoltan"]
[Black "Harvan, Richard"]
[Result "1-0"]
[WhiteElo "1879"]
[BlackElo "2066"]
[PlyCount "101"]
[EventDate "2014.04.05"]
[EventType "swiss"]
[EventRounds "9"]
[EventCountry "SVK"]
[SourceTitle "EXT 2016"]
[Source "ChessBase"]
[SourceDate "2015.10.08"]
[SourceVersion "1"]
[SourceVersionDate "2015.10.08"]
[SourceQuality "1"]

1. c4 c5 2. Nc3 g6 3. g3 Bg7 4. Bg2 Nc6 5. e3 d6 6. Nge2 Nf6 7. 0-0 0-0 8. d4 cxd4 9. exd4 Bg4 10. h3 Bd7 11. Be3 a6 12. Kh2 Qa5 13. Nf4 b5 14. c5 dxc5 15. d5 Nd4 16. d6 Rae8 17. dxe7 Rxe7 18. Ncd5 Nxd5 19. Nxd5 Ree8 20. b4 Qd8 21. bxc5 Nc6 22. Nb6 Bxa1 23. Nxd7 Bg7 24. Bxc6 Qc8 25. Qf3 Re6 26. Bxb5 axb5 27. Nxf8 Bxf8 28. Rb1 Rc6 29. Rxb5 Bxc5 30. Rxc5 Rxc5 31. Bxc5 Qxc5 32. Qa8+ Kg7 33. Kg2 h5 34. a4 f5 35. a5 h4 36. gxh4 g5 37. Qb7+ Kf8 38. a6 g4 39. hxg4 Qc4 40. Qf3 Qxa6 41. Qxf5+ Ke8 42. h5 Qb7+ 43. Qf3 Qa6 44. g5 Qb5 45. Qe4+ Kd8 46. Qe3 Qf5 47. Qg3 Qd5+ 48. Kh2 Qd1 49. h6 Qh5+ 50. Kg2 Qg6 51. h7 1-0

[Event "SVK-chT2D 1314"]
[Site "Slovakia"]
[Date "2013.11.24"]
[Round "4.8"]
[White "Zdibak, Zoltan"]
[Black "Dadej, Milan"]
[Result "1-0"]
[WhiteElo "1879"]
[BlackElo "1506"]
[PlyCount "53"]
[EventDate "2013.10.19"]
[EventType "team-tourn"]
[EventRounds "11"]
[EventCountry "SVK"]
[SourceTitle "EXT 2015"]
[Source "ChessBase"]
[SourceDate "2014.11.20"]
[SourceVersion "1"]
[SourceVersionDate "2014.11.20"]
[SourceQuality "1"]
[WhiteTeam "Velke Kapusany"]
[BlackTeam "Kosice Tahanovce"]
[WhiteTeamCountry "SVK"]
[BlackTeamCountry "SVK"]

1. c4 c5 2. g3 Nf6 3. Bg2 e5 4. Nc3 Nc6 5. d3 d6 6. e4 Be7 7. Nge2 0-0 8. 0-0 a6 9. f4 Bg4 10. h3 Bxe2 11. Nxe2 h6 12. b3 b5 13. Bd2 exf4 14. e5 dxe5 15. Bxc6 Rc8 16. cxb5 axb5 17. Bxb5 fxg3 18. Nxg3 Qc7 19. Ne4 Nd5 20. Bc4 Nf6 21. Nxf6+ Bxf6 22. Rxf6 gxf6 23. Bxh6 Kh7 24. Bxf8 Rxf8 25. Qh5+ Kg7 26. Kf2 Rh8 27. Rg1+ 1-0